Faculty of Law Library — Cairo University

Official Online Catalog

Swiss constitutional law / (Record no. 48310)

MARC details
000 -LEADER
fixed length control field 01455cac a2200385 i 4500
003 - CONTROL NUMBER IDENTIFIER
control field EG-GICUC
005 - DATE AND TIME OF LATEST TRANSACTION
control field 20260121101429.0
008 - FIXED-LENGTH DATA ELEMENTS--GENERAL INFORMATION
fixed length control field 051116s2005 ne cb frb 001 0 eng d
020 ## - INTERNATIONAL STANDARD BOOK NUMBER
International Standard Book Number 9041124047
Qualifying information Kluwer Law International
020 ## - INTERNATIONAL STANDARD BOOK NUMBER
International Standard Book Number 3727291133
Qualifying information Stæmpfli
020 ## - INTERNATIONAL STANDARD BOOK NUMBER
International Standard Book Number 9789041124043
Qualifying information (Kluwer Law International)
020 ## - INTERNATIONAL STANDARD BOOK NUMBER
International Standard Book Number 9783727291135
Qualifying information (Stæmpfli)
040 ## - CATALOGING SOURCE
Original cataloging agency UkOxU
Transcribing agency UkOxU
Modifying agency DLC
-- EG-GICUC
Language of cataloging eng
Description conventions rda
043 ## - GEOGRAPHIC AREA CODE
Geographic area code e-sz---
050 00 - LIBRARY OF CONGRESS CALL NUMBER
Classification number KKW2070
Item number .F48 2005
082 04 - DEWEY DECIMAL CLASSIFICATION NUMBER
Edition number 21
Classification number 342.0494
092 04 - LOCALLY ASSIGNED DEWEY CALL NUMBER (OCLC)
Edition number 21
099 ## - LOCAL FREE-TEXT CALL NUMBER (OCLC)
Classification number Law 08 2005
100 1# - MAIN ENTRY--PERSONAL NAME
Personal name Fleiner-Gerster, Thomas,
Dates associated with a name 1938-
245 10 - TITLE STATEMENT
Title Swiss constitutional law /
Statement of responsibility, etc. Thomas Fleiner, Alexander Misic, Nicole Töpperwein.
264 ## - PRODUCTION, PUBLICATION, DISTRIBUTION, MANUFACTURE, AND COPYRIGHT NOTICE
Place of production, publication, distribution, manufacture The Hague :
Name of producer, publisher, distributor, manufacturer Kluwer Law International ;
Place of production, publication, distribution, manufacture Berne :
Name of producer, publisher, distributor, manufacturer Stæmpfli Publishers,
Date of production, publication, distribution, manufacture, or copyright notice 2005.
300 ## - PHYSICAL DESCRIPTION
Extent 306 page :
Other physical details maps, ports ;
Dimensions 24 cm.
336 ## - CONTENT TYPE
Content type term text
Content type code txt
Source rdacontent
337 ## - MEDIA TYPE
Media type term unmediated
Media type code n
Source rdamedia
338 ## - CARRIER TYPE
Carrier type term volume
Carrier type code nc
Source rdacarrier
500 ## - GENERAL NOTE
General note "This book was originally published as a monograph in the International Encyclopedia of Laws/Constitutional Law."
504 ## - BIBLIOGRAPHY, ETC. NOTE
Bibliography, etc. note Includes bibliographical references and index.
650 #0 - SUBJECT ADDED ENTRY--TOPICAL TERM
Topical term or geographic name entry element Constitutional law
Geographic subdivision Switzerland.
700 1# - ADDED ENTRY--PERSONAL NAME
Personal name Misic, Alexander.
700 1# - ADDED ENTRY--PERSONAL NAME
Personal name Töpperwien, Nicole.
730 0# - ADDED ENTRY--UNIFORM TITLE
Uniform title International encyclopaedia of laws.
Name of part/section of a work Constitutional law.
856 40 - ELECTRONIC LOCATION AND ACCESS
Uniform Resource Identifier <a href="https://fll.law.cu.edu.eg/fulltext/bks/ENGB08-00081.pdf">https://fll.law.cu.edu.eg/fulltext/bks/ENGB08-00081.pdf</a>
905 ## - Cataloger and Reviser Names
Cataloger Name: Hend El khosy
942 ## - ADDED ENTRY ELEMENTS (KOHA)
Source of classification or shelving scheme Dewey Decimal Classification
Koha item type Books
Edition 21
Suppress in OPAC No
Holdings
Withdrawn status Lost status Source of classification or shelving scheme Damaged status Not for loan Collection Home library Current library Date acquired Total checkouts Full call number Barcode Date last seen Copy number Price effective from Koha item type Public note
    Dewey Decimal Classification     القانون الدستوري جــــامعة القــاهرة مكتبة كلية الحقوق - فـرع الشيخ زايد 04.12.2025   Law2 08 342.0494 FL . S 2005 0800081 C1 ENGB08-00081 04.12.2025 1 04.12.2025 Books 2179

© All rights reserved — Faculty of Law, Cairo University